Capital Cities by Photo / Clue - Statistics

General Stats
  • This quiz has been taken 69 times
  • The average score is 13 of 24
Answer Stats
Picture Hint Answer % Correct
NA Washington
93%
E London
88%
E Amsterdam
81%
E Athens
81%
E Berlin
75%
NA Ottawa
75%
E/As Moscow
69%
Af Cairo
68%
A Tokyo
68%
SA Brasilia
63%
E Paris
63%
O Canberra
61%
As Beijing
59%
NA Mexico City
58%
Af Capetown
49%
SA Buenos Aires
44%
E Lisbon
41%
Af Rabat
37%
As Delhi
27%
As Nur-Sultan
25%
As Riyadh
25%
As Seoul
25%
E Vienna
25%
E Dublin
15%
No matching quizzes found
Score Distribution
Percent of People with Each Score
Percentile by Number Answered
Your Score History
You have not taken this quiz